Vademécum farmacéutico (Registro nro. 9533)

Detalles MARC
000 -LIDER
fixed length control field 00497nam a22002057a 4500
001 - NÚMERO DE CONTROL
Identificador de número de control 00138
003 - IDENTIFICACDOR DE NÚMERO DE CONTROL
control field DO-SdBNP
005 - DATE AND TIME OF LATEST TRANSACTION
control field 20160404153425.0
007 - CAMPOS FIJOS DE DESCRIPCIÓN FÍSICA
fixed length control field 00138
008 - ELEMENTOS DE LONGITUD FIJA
fixed length control field 160404b gt 1998||||| |||| 00| 0 spa d
020 ## - ISBN
International Standard Book Number 9789978827253
040 ## - FUENTE DE CATALOGACIÓN
Agencia que crea de manera original el registro BPMSU
Idioma de catalogación spa
Agencia que realiza la transcripción BPMSU
092 ## - LOCALLY ASSIGNED DEWEY DECIMAL CALL NUMBER
Número de clasificación xxxxxxxxx
Número de ítem (Cutter) xxxxxxxxx
245 ## - MENCIÓN DE TITULO
Título Vademécum farmacéutico
250 ## - MENCIÓN DE EDICION
Mención de edición 4ta. ed
260 ## - PUBLICACIÓN, DISTRIBUCIÓN, ETC. (PIE DE IMPRENTA)
Lugar de publicación, distribución, etc Guatemala :
Nombre del editor, distribuidor, etc. Edifarm:
Fecha de publicación, distribución, etc 1998.
300 ## - DESCRIPCIÓN FÍSICA
Extensión 506 p. :
Otros detalles físicos il.,
Dimensiones 30 cm.
942 ## - ADDED ENTRY ELEMENTS (KOHA)
Source of classification or shelving scheme Dewey Decimal Classification
Koha item type Libros
956 ## - LOCAL ELECTRONIC LOCATION AND ACCESS (OCLC)
Nombre de host Brenda Tavárez
Existencias
Withdrawn status Lost status Source of classification or shelving scheme Damaged status Not for loan Collection code Home library Current library Date acquired Source of acquisition Total Checkouts Barcode Date last seen Price effective from Koha item type
    Dewey Decimal Classification       Biblioteca Pública Metropolitana Salomé Ureña Biblioteca Pública Metropolitana Salomé Ureña 04/04/2016 Donación   BPMSU16040082 04/04/2016 04/04/2016 Libros